000 00822nam a2200253Ia 4500
003 OSt
005 20220930091039.0
006 a|||||r|||| 00| 0
007 ta
008 220926b |||||||| |||| 00| 0 eng d
024 _a3412
037 _cTheses
040 _aCRL
_cCRL
_beng
041 _2eng
_aeng
100 _aAravinda P. S.
_9544583
110 _aUniversity of Delhi. Faculty of Medical Science. Department of General Surgery
_9544584
245 0 _aTo study the outcome following laparoscopic ventral hernia repair using dual mesh
260 _c2011
650 _aMEDICINE
700 _a Andley Manoj Gu.
_9544585
700 _aUniversity of Delhi. Faculty of Medical Science. Department of General Surgery
_9544586
942 _cDIS
_2CC
999 _c881555
_d881555